000 01142pam a2200289 a 4500
999 _c20897
_d20897
001 2031288
003 OSt
005 20200606121046.0
008 920430s1992 enkb b 001 0 eng
010 _a 92014949
020 _a0521439612
020 _a9780521439619
040 _aDLC
_coclc
_dDLC
050 0 0 _aJC311
_b.H577 1992
082 0 0 _a320.54
_220
_bHOB/N
100 _aHobsbawm, E J
_q(Eric J.),
_d1917-2012.
_92591
245 1 0 _aNations and nationalism since 1780 :
_bprogramme, myth, reality /
_cE.J. Hobsbawm.
250 _a2nd ed.
260 _aCambridge [England] ;
_aNew York :
_bCambridge University Press,
_c1992.
300 _a206 p. :
504 _aIncludes bibliographical references and index.
856 4 2 _3Publisher description
_uhttp://www.loc.gov/catdir/description/cam025/92014949.html
856 4 1 _3Table of contents
_uhttp://www.loc.gov/catdir/toc/cam028/92014949.html
906 _a7
_bcbc
_corignew
_d1
_eocip
_f19
_gy-gencatlg
942 _2ddc
_cBK
_h320.54
_iHOB/N
_k320.54
_mHOB/N